| 000 | 00484nam a2200169 i 4500 | ||
|---|---|---|---|
| 001 | 45083 | ||
| 003 | ES-MaACL | ||
| 005 | 20250916063035.0 | ||
| 007 | t| | ||
| 008 | 030325s1966 sp ||||1| spa d | ||
| 100 | 0 |
_aClavería Arza, Carlos, _d1924- _939128 |
|
| 245 | 1 | 4 |
_aLos vascos en el mar / _cCarlos Clavería Arza. |
| 260 |
_aPamplona : _bAramburu, _c1966. |
||
| 300 |
_a352 p., 11 lám. ; _c22 cm. |
||
| 852 |
_aES-MaACL _jC-31593 _bR.61761 |
||
| 999 |
_c45083 _d45083 |
||